00326nam a2200133Ia 4500008004100000041000800041082001400049100001700063245003000080250001500110260002900125300003100154365000700185240624s9999 xx 000 0 und d aeng a658.3 DES aDESSLER GARY aHUMAN RESOURCE MANAGEMENT a(12th ed.) c2011aNew DelhibPearson axxv, : 736 : p. : cm. ; 28 cRS